Las mil y una noches / (Record no. 104336)

MARC details
000 -LEADER
campo de control de longitud fija 00548nam a2200181 i 4500
001 - NÚMERO DE CONTROL
campo de control 104336
003 - IDENTIFICADOR DE NÚMERO DE CONTROL
campo de control ES-MaACL
005 - FECHA Y HORA DE LA ÚLTIMA TRANSACCIÓN
campo de control 20230906183555.0
007 - CAMPO FIJO DE DESCRIPCIÓN FÍSICA--INFORMACIÓN GENERAL
campo de control de longitud fija t|
008 - DATOS DE LONGITUD FIJA--INFORMACIÓN GENERAL
campo de control de longitud fija 051128s1956 sp ||||1| spa d
130 #4 - ENTRADA PRINCIPAL--TÍTULO UNIFORME
Título uniforme Las mil y una noches.
Lenguaje de la obra Español.
9 (RLIN) 122464
245 14 - MENCIÓN DEL TÍTULO
Título Las mil y una noches /
Mención de responsabilidad, etc. cuentos ilustrados por José Segrelles.
250 ## - MENCION DE EDICION
Mención de edición [1ª ed.].
260 ## - PUBLICACIÓN, DISTRIBUCIÓN, ETC.
Lugar de publicación, distribución, etc. Barcelona :
Nombre del editor, distribuidor, etc. Salvat,
Fecha de publicación, distribución, etc. 1956.
300 ## - DESCRIPCIÓN FÍSICA
Extensión XXIII, 270 p., 30 lám. col. ;
Dimensiones 29 cm.
700 1# - ENTRADA AGREGADA--NOMBRE PERSONAL
Nombre de persona Segrelles, José.
9 (RLIN) 105167
852 ## - LOCALIZACIÓN
Ubicación ES-MaACL
Número de control de estantería C-13651
Sublocalización o colección R.41088
Holdings
Estatus retirado Estado de pérdida Estado de daño No para préstamo Biblioteca de origen Biblioteca actual Ubicación en estantería Fecha de adquisición Fuente de adquisición Total de préstamos Signatura topográfica completa Código de barras Visto por última vez Precio de reemplazo Tipo de ítem Koha
        Biblioteca del Ateneo de Madrid Biblioteca del Ateneo de Madrid Sala Palomar 17/01/2008     C-13651 1108936 23/02/2023 23/02/2023 Libro impreso